| 000 | 01772nam a22003737a 4500 | ||
|---|---|---|---|
| 003 | PE-LiUPU | ||
| 005 | 20260210105535.0 | ||
| 008 | 230614b |||||||| |||| 00| 0 spa d | ||
| 040 |
_aPE-LiUPU _bspa _cPE-LiUPU _dPE-LiUPU _erda |
||
| 082 |
_223 _a248 _bB938l |
||
| 100 |
_aBullón Paucar, Alejandro _d1947- _eautor. _91286 |
||
| 245 | 1 | 3 |
_aLa armadura de Dios : _bCómo vivir cada día en la presencia de Jesús / _cAlejandro Bullón Paucar |
| 250 | _aPrimera edición | ||
| 264 |
_aLima : _bUniversidad Peruana Unión, Centro de aplicación Editorial Unión, _c2021. |
||
| 300 |
_a175 páginas : _bIlustraciones en blanco y negro ; _c21 centímetros. |
||
| 505 | _aComo orar para que tu oración “pase del techo” -- Como orar cuando no tengas ganas de orar -- Cómo orar en todo tiempo -- Que hacer cuando vengan pensamientos extraños en la oración -- Que hacer cuando sientas que Dios no te escucha -- Qué Biblia -- Cómo darle significado al estudio de la Biblia -- Cómo recibir el bautismo del Espíritu Santo -- Cómo someterse a la voluntad de Dios -- El secreto par no perder el deseo de orar y estudiar la Biblia. El secreto para no perder el deseo de orar y estudiar la Biblia. | ||
| 526 | _aSEG42 | ||
| 526 | _aSEG41 | ||
| 526 | _aSEG40 | ||
| 526 | _aSEG39 | ||
| 526 | _aP94 | ||
| 526 | _aP87 | ||
| 526 | _aP86 | ||
| 526 | _aP85 | ||
| 526 | _aP77 | ||
| 526 | _aP76 | ||
| 526 | _aP35 | ||
| 650 | 0 |
_aVida Cristiana _91301 |
|
| 650 | 0 |
_aConversión _91302 |
|
| 710 |
_aUniversidad Peruana Unión _xInvestigación _xCongresos _91290 |
||
| 942 |
_2ddc _cBK _n0 |
||
| 980 |
_621515 _aDIGNA BRAÑES Analista Documental _818226 _gJaime Vilcazán Jefe de Análisis Documental |
||
| 999 |
_c61850 _d61850 |
||